[Event "HUN-chT2 Barcza 1617"]
[Site "Hungary"]
[Date "2016.11.27"]
[Round "5.12"]
[White "Szucs, Marton Miklos"]
[Black "Acs, Petra"]
[Result "0-1"]
[WhiteElo "1383"]
[BlackElo "1691"]
[PlyCount "116"]
[EventDate "2016.09.25"]
[EventType "team-tourn"]
[EventRounds "11"]
[EventCountry "HUN"]
[SourceTitle "EXT 2021"]
[Source "ChessBase"]
[SourceDate "2020.10.23"]
[SourceVersion "1"]
[SourceVersionDate "2020.10.23"]
[SourceQuality "1"]
[WhiteTeam "Hajduszoboszlo"]
[BlackTeam "Lillafured DVTK II"]
[WhiteTeamCountry "HUN"]
[BlackTeamCountry "HUN"]

1. e4 e5 2. Nf3 Nc6 3. Nc3 Nf6 4. Bc4 Bc5 5. d3 d6 6. h3 h6 7. 0-0 0-0 8. Nh2 Nd4 9. Be3 a6 10. a3 b5 11. Ba2 Bd7 12. Ne2 Nxe2+ 13. Qxe2 Qe7 14. Bxc5 dxc5 15. Qe3 Nh5 16. Qf3 Nf4 17. Rfe1 Rab8 18. Ng4 Rb6 19. Kh2 Rg6 20. g3 Bxg4 21. hxg4 Ne6 22. Bxe6 Qxe6 23. Qf5 Rf6 24. Qxe6 fxe6 25. Rac1 Rxf2+ 26. Kg1 R8f3 27. Re3 Rf6 28. b3 Rd2 29. b4 cxb4 30. axb4 Rg6 31. Rf3 Rxg4 32. c4 bxc4 33. Rxc4 Rb2 34. Rxc7 Rxb4 35. Rc6 Rb1+ 36. Kf2 Rb2+ 37. Kg1 a5 38. Rxe6 a4 39. Ra6 Rb4 40. Kh2 Rg5 41. Kh3 Rd4 42. Kh4 Rb4 43. g4 Rd4 44. Ra8+ Kh7 45. Rf5 Rxf5 46. gxf5 Rxd3 47. Rxa4 Rd4 48. Rxd4 exd4 49. Kg3 Kg8 50. e5 h5 51. e6 d3 52. Kf3 h4 53. Ke3 h3 54. Kxd3 h2 55. Kd4 h1Q 56. Ke5 Qh2+ 57. Kd5 Kf8 58. Kc6 Qe5 0-1

[Event "HUN-chT U18"]
[Site "Hajduboszormeny"]
[Date "2016.11.05"]
[Round "7.28"]
[White "Czumbel, Peter"]
[Black "Acs, Petra"]
[Result "1/2-1/2"]
[WhiteElo "1929"]
[BlackElo "1691"]
[PlyCount "85"]
[EventDate "2016.11.02"]
[EventType "team-swiss"]
[EventRounds "8"]
[EventCountry "HUN"]
[SourceTitle "CBM 175 Extra"]
[Source "ChessBase"]
[SourceDate "2016.12.12"]
[SourceVersion "1"]
[SourceVersionDate "2016.12.12"]
[SourceQuality "1"]

1. Nf3 Nf6 2. g3 g6 3. Bg2 Bg7 4. 0-0 0-0 5. d4 d5 6. c3 Nbd7 7. Re1 Re8 8. Nbd2 e5 9. dxe5 Nxe5 10. Nxe5 Rxe5 11. Nb3 c6 12. Bf4 Re8 13. Bg5 Qb6 14. Be3 Qc7 15. Bd4 Bf5 16. Bxf6 Bxf6 17. Nd4 Bxd4 18. cxd4 Re7 19. Rc1 Rae8 20. Bxd5 Qb6 21. Bb3 Rd8 22. e3 Qb4 23. Rc4 Qd6 24. d5 cxd5 25. Rd4 Be6 26. e4 Red7 27. Bxd5 Bxd5 28. Rxd5 Qb4 29. Re2 Rxd5 30. exd5 Qb5 31. Rd2 Rd6 32. a4 Qc4 33. Rd4 Qc5 34. Kg2 a6 35. Qd3 a5 36. Qe4 b6 37. b3 Rd8 38. Qe5 Rd6 39. Rc4 Qxd5+ 40. Qxd5 Rxd5 41. Rc6 b5 42. axb5 Rxb5 43. Rc3 1/2-1/2

[Event "HUN-ch U18 Girls"]
[Site "Balatonlelle"]
[Date "2016.06.30"]
[Round "7"]
[White "Fekete, Agnes"]
[Black "Acs, Petra"]
[Result "1-0"]
[WhiteElo "1998"]
[BlackElo "1738"]
[PlyCount "61"]
[EventDate "2016.06.24"]
[EventType "tourn"]
[EventRounds "7"]
[EventCountry "HUN"]
[SourceTitle "CBM 173 Extra"]
[Source "ChessBase"]
[SourceDate "2016.08.29"]
[SourceVersion "1"]
[SourceVersionDate "2016.08.29"]
[SourceQuality "1"]

1. Nf3 d5 2. g3 Nf6 3. Bg2 Bf5 4. 0-0 e6 5. d3 h6 6. Nbd2 Nbd7 7. Qe1 Be7 8. e4 dxe4 9. dxe4 Bh7 10. Qe2 0-0 11. Ne1 e5 12. f4 exf4 13. gxf4 Ne8 14. Nd3 Nc5 15. f5 Qd4+ 16. Kh1 Rd8 17. Nxc5 Qxc5 18. e5 Qxc2 19. Be4 Qc5 20. f6 gxf6 21. Qg4+ Kh8 22. Bxh7 Kxh7 23. Rg1 Qxe5 24. Nf3 Qd5 25. Bxh6 Kxh6 26. Qf4+ Qg5 27. Nxg5 fxg5 28. Qe3 Bf6 29. Raf1 Rd5 30. h4 Bd4 31. Qd2 1-0

[Event "HUN-ch U18 Girls"]
[Site "Balatonlelle"]
[Date "2016.06.29"]
[Round "6"]
[White "Acs, Petra"]
[Black "Vanczak, Virag"]
[Result "0-1"]
[WhiteElo "1738"]
[BlackElo "1724"]
[PlyCount "72"]
[EventDate "2016.06.24"]
[EventType "tourn"]
[EventRounds "7"]
[EventCountry "HUN"]
[SourceTitle "CBM 173 Extra"]
[Source "ChessBase"]
[SourceDate "2016.08.29"]
[SourceVersion "1"]
[SourceVersionDate "2016.08.29"]
[SourceQuality "1"]

1. e4 c5 2. c3 Nf6 3. e5 Nd5 4. d4 cxd4 5. Nf3 Nc6 6. cxd4 e6 7. a3 Be7 8. Bc4 0-0 9. 0-0 d6 10. Bxd5 exd5 11. Bf4 Be6 12. Re1 Rc8 13. b4 a6 14. Qd3 dxe5 15. Nxe5 Bd6 16. Nd2 Qf6 17. Bg3 Bf5 18. Qe3 Na7 19. Ndf3 Qe7 20. Qb3 Be6 21. Rac1 Nb5 22. a4 Na7 23. Nd3 b6 24. Bxd6 Qxd6 25. Nde5 f6 26. Nd3 Rc4 27. Qb2 Bf5 28. Rxc4 dxc4 29. Nc1 Rc8 30. Ne2 Nc6 31. b5 Nb4 32. Qa3 a5 33. Ng3 Bd3 34. Rc1 Qf4 35. Qb2 Rd8 36. Ne2 Bxe2 0-1

[Event "HUN-chT2 Maroczy 1011"]
[Site "Hungary"]
[Date "2011.03.27"]
[Round "7"]
[White "Medvegyne Balogh, Emese"]
[Black "Acs, Petra"]
[Result "1-0"]
[WhiteElo "2085"]
[BlackElo "1632"]
[PlyCount "51"]
[EventDate "2010.09.12"]
[EventType "team-tourn"]
[EventRounds "11"]
[EventCountry "HUN"]
[SourceTitle "EXT 2012"]
[Source "ChessBase"]
[SourceDate "2011.11.24"]
[SourceVersion "1"]
[SourceVersionDate "2011.11.24"]
[SourceQuality "1"]
[WhiteTeam "Dunaharaszti"]
[BlackTeam "Miskolc EMSE"]
[WhiteTeamCountry "HUN"]
[BlackTeamCountry "HUN"]

1. e4 e5 2. Nf3 Nc6 3. d4 exd4 4. Bc4 Nf6 5. e5 Ne4 6. 0-0 d5 7. Bb5 Bg4 8. Qxd4 a6 9. Bxc6+ bxc6 10. Qa4 Qd7 11. e6 Bxe6 12. Ne5 Qd6 13. Bf4 Nc5 14. Qd4 Ne4 15. Ng6 Qd8 16. Nxh8 f6 17. Nc3 Bc5 18. Qd1 Nxc3 19. bxc3 Kd7 20. c4 Qxh8 21. cxd5 cxd5 22. c4 c6 23. Rb1 g5 24. Rb7+ Kd8 25. Bd2 h5 26. Ba5+ 1-0

[Event "HUN-chT U18"]
[Site "Miskolc"]
[Date "2010.11.04"]
[Round "4.7"]
[White "Acs, Petra"]
[Black "Csetneki, Mark"]
[Result "1/2-1/2"]
[WhiteElo "1632"]
[BlackElo "1578"]
[PlyCount "127"]
[EventDate "2010.11.02"]
[EventType "team-swiss"]
[EventRounds "8"]
[EventCountry "HUN"]
[SourceTitle "EXT 2016"]
[Source "ChessBase"]
[SourceDate "2015.10.08"]
[SourceVersion "1"]
[SourceVersionDate "2015.10.08"]
[SourceQuality "1"]

1. e4 e5 2. Nf3 Nc6 3. Bc4 Bc5 4. Nc3 Nf6 5. d3 h6 6. Nd5 d6 7. h3 0-0 8. Be3 Bb6 9. Nxb6 axb6 10. 0-0 Be6 11. Bb3 Bxb3 12. axb3 Rxa1 13. Qxa1 Qa8 14. Qa3 Qa6 15. Ra1 Qxa3 16. bxa3 Ra8 17. c4 Nb4 18. Ne1 Nc6 19. Nc2 Nd7 20. b4 Ra4 21. Kf1 Nf8 22. Ke2 Ng6 23. g3 Nge7 24. h4 f5 25. f3 Kf7 26. Rf1 Ke6 27. Ra1 h5 28. Rg1 g6 29. Rf1 Nd8 30. Rb1 c5 31. b5 Nf7 32. Rg1 Ra8 33. g4 f4 34. Bf2 hxg4 35. Rxg4 Rh8 36. Kd2 Kf6 37. Rg2 g5 38. hxg5+ Nxg5 39. Ke2 Rh3 40. Ne1 Ng6 41. Rg1 Nf8 42. Rg4 Ng6 43. Rg2 Nh4 44. Bxh4 Rxh4 45. Rf2 Nh3 46. Rg2 Ng5 47. Rf2 Rh3 48. Rg2 Kg6 49. Rf2 Ne6 50. Nc2 Rh1 51. Kd2 Kh5 52. Ke2 Kh4 53. Rf1 Rh2+ 54. Rf2 Rh3 55. Rg2 Ng5 56. Ne1 Rg3 57. Rh2+ Rh3 58. Rg2 Rh1 59. Kf2 Nh3+ 60. Ke2 Rg1 61. Rxg1 Nxg1+ 62. Kf2 Nh3+ 63. Kg2 Ng5 64. Nc2 1/2-1/2

[Event "HUN-chT U18"]
[Site "Miskolc"]
[Date "2010.11.04"]
[Round "5.6"]
[White "Marosi, Levente"]
[Black "Acs, Petra"]
[Result "1-0"]
[WhiteElo "1735"]
[BlackElo "1632"]
[PlyCount "59"]
[EventDate "2010.11.02"]
[EventType "team-swiss"]
[EventRounds "8"]
[EventCountry "HUN"]
[SourceTitle "EXT 2016"]
[Source "ChessBase"]
[SourceDate "2015.10.08"]
[SourceVersion "1"]
[SourceVersionDate "2015.10.08"]
[SourceQuality "1"]

1. e4 e5 2. Nf3 Nc6 3. d4 exd4 4. Nxd4 Bc5 5. Nb3 Bb4+ 6. Bd2 Be7 7. Nc3 Nf6 8. Qe2 d6 9. 0-0-0 Be6 10. Be3 0-0 11. g4 Bxg4 12. f3 Be6 13. Rg1 Kh8 14. f4 Rg8 15. Qf3 Qc8 16. Be2 a5 17. Nd4 Nxd4 18. Bxd4 b6 19. f5 Bd7 20. Rg3 Qf8 21. Rdg1 c5 22. Be3 Rb8 23. Nd5 Nxd5 24. exd5 Bf6 25. Bd3 Qe7 26. Rh3 Rge8 27. Qh5 Qxe3+ 28. Rxe3 Rxe3 29. Qxf7 Rbe8 30. Qxd7 1-0